Kader des 1.Fc Nürnberg - Statistiken

Allgemein
  • Dieses Quiz wurde 115 mal gespielt
  • Das Durchschnittsergebnis liegt bei 19 aus 29
Antwortstatistiken
Hint Antwort % Korrekt
1 Reichert
95%
9 Tzimas
93%
26 Mathenia
91%
20 Jander
87%
17 Castrop
84%
10 Justvan
84%
31 Knoche
82%
4 Gruber
79%
30 Emreli
78%
3 Soares
78%
32 Janisch
76%
44 Karafiat
75%
36 Schleimer
70%
21 Yilmaz
70%
5 Drexler
68%
22 Valentini
68%
6 Flick
67%
14 Goller
66%
18 Lubach
64%
2 Villadsen
63%
28 Antiste
55%
37 Kukucka
53%
34 Forkel
51%
33 Seidel
51%
23 Serra
50%
39 Ortegel
46%
35 Joachims
41%
38 Osawe
36%
19 Grzywacz
8%
Keine übereinstimmenden Quizze gefunden
Verteilung der Resultate
Anzahl Personen mit jedem Resultat
Perzentil nach korrekt beantworteten Fragen
Ihre Resultats-Entwicklung
Sie haben dieses Quiz noch nicht gespielt